[Event "Titled Tuesday intern op 21st Jan Late"]
[Site "Chess.com INT"]
[Date "2025.01.21"]
[Round "3"]
[White "Rastbod, Ali"]
[Black "Tao, Sihan"]
[Result "0-1"]
[WhiteElo "2269"]
[BlackElo "2202"]
[PlyCount "94"]
[EventDate "2025.01.21"]
[EventType "swiss (blitz)"]
[EventRounds "11"]
[EventCountry "USA"]
[SourceTitle "CB05_2025"]
[SourceDate "2025.01.29"]
[SourceVersion "1"]
[SourceVersionDate "2025.01.29"]
[SourceQuality "1"]

1. e4 d5 2. exd5 Qxd5 3. Nc3 Qa5 4. b4 Qxb4 5. a4 Qa5 6. Rb1 c6 7. Ba3 Nf6 8. Nf3 Nbd7 9. Bc4 e6 10. Bxf8 Nxf8 11. 0-0 N8d7 12. Qe2 0-0 13. Rfe1 Qc7 14. Ba2 b6 15. Ne4 Nxe4 16. Qxe4 Bb7 17. Qh4 h6 18. Nd4 c5 19. Nb5 Qc6 20. Qg3 Nf6 21. f3 Rfd8 22. d3 a6 23. Nc3 Nd5 24. Nxd5 exd5 25. Re7 Re8 26. Rbe1 Qxa4 27. Bb3 Qd4+ 28. Kh1 Bc6 29. h3 c4 30. dxc4 dxc4 31. Ba2 Rxe7 32. Rxe7 Re8 33. Rxe8+ Bxe8 34. Qb8 Kf8 35. Kh2 g5 36. Kh1 Qa1+ 37. Kh2 Qxa2 38. Qd6+ Kg8 39. Qe7 Qa4 40. Qf6 Qc6 41. Qd4 b5 42. Qa7 Qe6 43. Kh1 b4 44. Qc5 b3 45. cxb3 cxb3 46. Qb4 a5 47. Qxa5 b2 0-1

[Event "Titled Tuesday intern op 21st Jan Late"]
[Site "Chess.com INT"]
[Date "2025.01.21"]
[Round "1"]
[White "Tao, Sihan"]
[Black "Ibarra Jerez, Jose Carlos"]
[Result "0-1"]
[WhiteElo "2202"]
[BlackElo "2559"]
[PlyCount "198"]
[EventDate "2025.01.21"]
[EventType "swiss (blitz)"]
[EventRounds "11"]
[EventCountry "USA"]
[SourceTitle "CB05_2025"]
[SourceDate "2025.01.29"]
[SourceVersion "1"]
[SourceVersionDate "2025.01.29"]
[SourceQuality "1"]

1. e4 c5 2. Nf3 Nc6 3. d4 cxd4 4. Nxd4 e6 5. Nc3 Bc5 6. Nxc6 bxc6 7. Bd3 d5 8. 0-0 Ne7 9. Qf3 0-0 10. Rb1 Ng6 11. b3 Qh4 12. Bb2 f5 13. exf5 Ne5 14. Qg3 Qxg3 15. hxg3 Nxd3 16. cxd3 Rxf5 17. Na4 Bb6 18. Rbc1 Ba6 19. Nxb6 axb6 20. Rxc6 Bxd3 21. Ra1 Raf8 22. f4 g5 23. Be5 b5 24. Rxe6 Rc8 25. a4 bxa4 26. bxa4 Rc2 27. a5 gxf4 28. gxf4 Be4 29. Rh6 d4 30. a6 d3 31. a7 d2 32. a8Q+ Bxa8 33. Rxa8+ Rf8 34. Rxf8+ Kxf8 35. Rd6 Rc1+ 36. Kf2 d1Q 37. Rxd1 Rxd1 38. g4 Kf7 39. Kf3 Ke6 40. Ke4 Re1+ 41. Kf3 Kd5 42. g5 Rf1+ 43. Kg4 Ke6 44. Kg3 Kf5 45. Kg2 Rc1 46. Kg3 Rc2 47. Kf3 Rd2 48. Ke3 Rh2 49. Kf3 Rh3+ 50. Kg2 Kg4 51. Kf2 Ra3 52. Ke2 Kf5 53. Kf2 Rb3 54. Ke2 Ke4 55. Kf2 Ra3 56. Kg2 Ke3 57. Kg3 Ke4+ 58. Kg4 Rd3 59. Bc7 Rc3 60. Be5 Rc1 61. Kg3 Rg1+ 62. Kf2 Rg4 63. Ke2 Rg2+ 64. Kf1 Kf3 65. Ke1 Re2+ 66. Kd1 Re4 67. Kd2 Re3 68. Bd6 Ke4 69. Be5 Rg3 70. Ke2 Rg2+ 71. Kf1 Kf3 72. Ke1 Rc2 73. Kd1 Rc8 74. Kd2 Rd8+ 75. Ke1 Rd7 76. Bb8 Rb7 77. Be5 Rd7 78. Bb8 Rd5 79. Be5 Rd8 80. Bc7 Re8+ 81. Kd2 Re7 82. Be5 Rf7 83. Kd3 Rd7+ 84. Kc4 Ke4 85. Kc5 Rd5+ 86. Kc6 Ra5 87. Kd6 Ra6+ 88. Ke7 Kf5 89. Kd7 Re6 90. Kc7 Rxe5 91. fxe5 Kxe5 92. Kc6 Kf5 93. Kd5 Kxg5 94. Ke4 Kg4 95. Ke3 Kg3 96. Ke2 Kg2 97. Ke3 h5 98. Kf4 h4 99. Kg4 h3 0-1

[Event "Titled Tuesday intern op 26th Nov Late"]
[Site "Chess.com INT"]
[Date "2024.11.26"]
[Round "6"]
[White "Tao, Sihan"]
[Black "Safarov, Deniel"]
[Result "0-1"]
[WhiteElo "2216"]
[BlackElo "2319"]
[PlyCount "56"]
[EventDate "2024.11.26"]
[EventType "swiss (blitz)"]
[EventRounds "11"]
[EventCountry "USA"]
[SourceTitle "CB49_2024"]
[SourceDate "2024.12.04"]
[SourceVersion "1"]
[SourceVersionDate "2024.12.04"]
[SourceQuality "1"]

1. d4 Nf6 2. Bg5 e6 3. e4 h6 4. Bxf6 Qxf6 5. c3 d5 6. exd5 exd5 7. Bd3 Bd6 8. Nf3 0-0 9. 0-0 Bg4 10. Nbd2 Nd7 11. Re1 Rfe8 12. Qc2 c6 13. h3 Bh5 14. Rxe8+ Rxe8 15. Re1 Rxe1+ 16. Nxe1 Nf8 17. Nf1 Ne6 18. Ng3 Bg6 19. Bxg6 fxg6 20. Nd3 h5 21. Qe2 h4 22. Nf1 Ng5 23. Ne3 Ne4 24. Ng4 Qg5 25. Qe3 Qf5 26. Nde5 c5 27. f3 Ng3 28. dxc5 Qb1+ 0-1

[Event "Titled Tuesday intern op 13th Aug Late"]
[Site "Chess.com INT"]
[Date "2024.08.13"]
[Round "2"]
[White "Tao, Sihan"]
[Black "Mitrabha, Guha"]
[Result "1/2-1/2"]
[WhiteElo "2186"]
[BlackElo "2537"]
[PlyCount "78"]
[EventDate "2024.08.13"]
[EventType "swiss (blitz)"]
[EventRounds "11"]
[EventCountry "USA"]
[SourceTitle "EXT 2025"]
[Source "ChessBase"]
[SourceDate "2024.10.14"]
[SourceVersion "1"]
[SourceVersionDate "2024.10.14"]
[SourceQuality "1"]

1. e4 c6 2. d4 d5 3. Nc3 dxe4 4. Nxe4 Nf6 5. Nxf6+ gxf6 6. c3 h5 7. Nf3 h4 8. Be3 Bf5 9. Bd3 Qd5 10. Bxf5 Qxf5 11. Qe2 Nd7 12. 0-0-0 0-0-0 13. g3 Nb6 14. Nxh4 Qd5 15. Kb1 e6 16. Nf3 Nc4 17. Nd2 Nb6 18. h4 a5 19. c4 Qf5+ 20. Ka1 a4 21. d5 a3 22. Bxb6 axb2+ 23. Kxb2 Bd6 24. Bxd8 Be5+ 25. Kc1 Rxd8 26. Nb3 cxd5 27. cxd5 Kb8 28. Qc2 Rc8 29. Nc5 Qf3 30. Nd7+ Ka7 31. Qxc8 Qa3+ 32. Kd2 Qb4+ 33. Ke2 Qe4+ 34. Kd2 Qd4+ 35. Ke2 Qe4+ 36. Kd2 Qd4+ 37. Kc2 Qb2+ 38. Kd3 Qd4+ 39. Ke2 Qe4+ 1/2-1/2

[Event "Titled Tuesday intern op 06th Aug Late"]
[Site "Chess.com INT"]
[Date "2024.08.06"]
[Round "1"]
[White "Lin, Bryan Enming"]
[Black "Tao, Sihan"]
[Result "1-0"]
[WhiteElo "2155"]
[BlackElo "2186"]
[PlyCount "95"]
[EventDate "2024.08.06"]
[EventType "swiss (blitz)"]
[EventRounds "11"]
[EventCountry "USA"]
[SourceTitle "EXT 2025"]
[Source "ChessBase"]
[SourceDate "2024.10.14"]
[SourceVersion "1"]
[SourceVersionDate "2024.10.14"]
[SourceQuality "1"]

1. e4 c5 2. Nf3 d6 3. d4 cxd4 4. Nxd4 Nf6 5. Nc3 Nc6 6. f3 e5 7. Nb3 Be6 8. Nd5 Be7 9. c4 0-0 10. Be3 a5 11. Qd2 a4 12. Nc1 b5 13. Nxf6+ Bxf6 14. cxb5 Nd4 15. Bd3 d5 16. 0-0 dxe4 17. fxe4 Qd7 18. Ne2 Nxb5 19. Bxb5 Qxb5 20. Nc3 Qc4 21. Rac1 Rfd8 22. Qe1 Qb4 23. Qg3 Be7 24. Nd5 Bxd5 25. exd5 Bd6 26. Qf3 Rd7 27. Rc6 Rf8 28. Qf5 Rdd8 29. Bb6 Rb8 30. Be3 Rbd8 31. Qc2 e4 32. a3 Qb5 33. Qxe4 Qxb2 34. Qxa4 Qxa3 35. Qxa3 Bxa3 36. Ra6 Bd6 37. g3 Rd7 38. Rc1 Rfd8 39. Bb6 Re8 40. Kf2 g6 41. Kf3 Be5 42. Rd1 Bg7 43. Bc5 Re5 44. Ra8+ Bf8 45. Bxf8 f6 46. Bd6+ Kf7 47. Bxe5 fxe5 48. Ke4 1-0

[Event "Titled Tuesday intern op 06th Aug Late"]
[Site "Chess.com INT"]
[Date "2024.08.06"]
[Round "7"]
[White "Tao, Sihan"]
[Black "Makaraci, Tunahan"]
[Result "1/2-1/2"]
[WhiteElo "2186"]
[BlackElo "2255"]
[PlyCount "199"]
[EventDate "2024.08.06"]
[EventType "swiss (blitz)"]
[EventRounds "11"]
[EventCountry "USA"]
[SourceTitle "EXT 2025"]
[Source "ChessBase"]
[SourceDate "2024.10.14"]
[SourceVersion "1"]
[SourceVersionDate "2024.10.14"]
[SourceQuality "1"]

1. e4 c5 2. Nf3 g6 3. d4 cxd4 4. Nxd4 Nc6 5. c4 Nf6 6. Nc3 Nxd4 7. Qxd4 d6 8. Be3 Bg7 9. Be2 0-0 10. Qd3 a5 11. 0-0 a4 12. b4 Be6 13. Rac1 Rc8 14. Nd5 Nd7 15. Qd2 Bxd5 16. cxd5 a3 17. Rxc8 Qxc8 18. Rc1 Qb8 19. Bb5 Rd8 20. Bxd7 Rxd7 21. Qc2 Bb2 22. Qc8+ Qxc8 23. Rxc8+ Kg7 24. Kf1 f5 25. exf5 gxf5 26. b5 b6 27. Rc6 Kf6 28. f4 e6 29. dxe6 Kxe6 30. Ke2 Kd5 31. Kd3 Re7 32. g3 h5 33. Bxb6 Rb7 34. Kc2 Bf6 35. Bc7 Be7 36. Bb6 Ke4 37. Kb3 d5 38. Ka4 d4 39. Re6+ Kf3 40. Bxd4 Rd7 41. Be5 Kg2 42. b6 Bc5 43. Rf6 Kxh2 44. Kb5 Bf2 45. Rxf5 Rb7 46. Rxh5+ Kxg3 47. Rg5+ Kf3 48. Rg7 Rxb6+ 49. Ka5 Rb1 50. Rc7 Ke4 51. Rc3 Be1 52. Ka4 Bxc3 53. Bxc3 Rc1 54. Bb4 Rc4 55. Kxa3 Kxf4 56. Kb3 Rc8 57. a4 Ke4 58. a5 Kd5 59. Bd2 Kc6 60. Kc4 Ra8 61. Kd4 Ra6 62. Kc4 Ra8 63. Bc3 Kb7 64. Kb5 Ra6 65. Bd4 Rg6 66. Bb6 Rg5+ 67. Kc4 Ka6 68. Kd4 Rg4+ 69. Ke5 Ra4 70. Kd5 Kb5 71. Kd6 Ra2 72. Kd5 Rc2 73. Ke5 Rc4 74. Kd5 Rc6 75. Ke5 Rc2 76. Kd5 Re2 77. Kd4 Ra2 78. Kd5 Rg2 79. Ke5 Rg8 80. Kd5 Ra8 81. Ke5 Re8+ 82. Kd5 Rc8 83. Kd6 Rc2 84. Kd5 Ra2 85. Kd4 Ra4+ 86. Kd5 Rc4 87. Ke5 Rc6 88. Kd5 Rg6 89. Ke5 Rg2 90. Kd5 Rc2 91. Ke4 Rc8 92. Kd5 Rg8 93. Kd6 Ra8 94. Kd5 Ra6 95. Kd6 Ra8 96. Kd5 Rg8 97. Kd6 Rg2 98. Kd5 Ra2 99. Kd6 Rc2 100. Kd5 1/2-1/2

[Event "Titled Tuesday intern op 06th Aug Late"]
[Site "Chess.com INT"]
[Date "2024.08.06"]
[Round "2"]
[White "Tao, Sihan"]
[Black "Manukyan, Sargis A"]
[Result "1/2-1/2"]
[WhiteElo "2186"]
[BlackElo "2211"]
[PlyCount "112"]
[EventDate "2024.08.06"]
[EventType "swiss (blitz)"]
[EventRounds "11"]
[EventCountry "USA"]
[SourceTitle "EXT 2025"]
[Source "ChessBase"]
[SourceDate "2024.10.14"]
[SourceVersion "1"]
[SourceVersionDate "2024.10.14"]
[SourceQuality "1"]

1. e4 c5 2. Nf3 d6 3. d4 cxd4 4. Nxd4 Nf6 5. Nc3 g6 6. Be3 Bg7 7. f3 0-0 8. Qd2 Nc6 9. 0-0-0 d5 10. exd5 Nxd5 11. Nxc6 bxc6 12. Bd4 Nxc3 13. Qxc3 Bh6+ 14. Be3 Bxe3+ 15. Qxe3 Qb6 16. Re1 Be6 17. h4 Rfd8 18. h5 Qxe3+ 19. Rxe3 Kg7 20. Bd3 Rd6 21. hxg6 hxg6 22. b3 a5 23. Kd2 a4 24. Kc3 axb3 25. axb3 Rc8 26. Re4 c5 27. Bc4 Bxc4 28. Rxc4 e5 29. Re1 f6 30. Re3 Rd4 31. Rd3 Kf7 32. Rdxd4 cxd4+ 33. Kd3 Ra8 34. c3 dxc3 35. Rxc3 Ra2 36. Rc2 Ra1 37. Rb2 Ke7 38. b4 Kd7 39. b5 Kc7 40. b6+ Kb7 41. Ke4 Ra5 42. Rb3 f5+ 43. Ke3 Rc5 44. g4 Rd5 45. gxf5 gxf5 46. Rb2 Rd4 47. Rb5 f4+ 48. Ke2 e4 49. fxe4 Rxe4+ 50. Kf3 Ra4 51. Rb3 Rc4 52. Kg4 Rd4 53. Kf3 Rc4 54. Kg4 Rc6 55. Kxf4 Rxb6 56. Rxb6+ Kxb6 1/2-1/2

[Event "Titled Tuesday intern op 23rd Jul Early"]
[Site "Chess.com INT"]
[Date "2024.07.23"]
[Round "5"]
[White "Gimenez Aguirre, Ismael Alejo"]
[Black "Tao, Sihan"]
[Result "1-0"]
[WhiteElo "2204"]
[BlackElo "2194"]
[PlyCount "63"]
[EventDate "2024.07.23"]
[EventType "swiss (blitz)"]
[EventRounds "11"]
[EventCountry "USA"]
[SourceTitle "EXT 2025"]
[Source "ChessBase"]
[SourceDate "2024.10.14"]
[SourceVersion "1"]
[SourceVersionDate "2024.10.14"]
[SourceQuality "1"]

1. e4 c5 2. Nf3 d6 3. d4 cxd4 4. Nxd4 Nf6 5. Nc3 Nc6 6. Bc4 Qb6 7. Nxc6 bxc6 8. 0-0 g6 9. h3 Bg7 10. Bb3 0-0 11. Be3 Qc7 12. f4 Ba6 13. Re1 Rfe8 14. Qf3 Bb7 15. Rad1 a5 16. a4 c5 17. Bc4 e6 18. Nb5 Qb8 19. Nxd6 Rd8 20. Nxb7 Qxb7 21. Bxc5 Qxb2 22. Bb3 Rxd1 23. Rxd1 Rc8 24. Bd4 Qa3 25. Kh1 Rd8 26. f5 exf5 27. Bxf7+ Kxf7 28. Qxa3 Nxe4 29. Qe3 Rd5 30. c3 Nd6 31. Rb1 Nc4 32. Rb7+ 1-0

[Event "Titled Tuesday intern op 23rd Jul Early"]
[Site "Chess.com INT"]
[Date "2024.07.23"]
[Round "7"]
[White "Kononenko, Dmitry1"]
[Black "Tao, Sihan"]
[Result "0-1"]
[WhiteElo "2207"]
[BlackElo "2194"]
[PlyCount "114"]
[EventDate "2024.07.23"]
[EventType "swiss (blitz)"]
[EventRounds "11"]
[EventCountry "USA"]
[SourceTitle "EXT 2025"]
[Source "ChessBase"]
[SourceDate "2024.10.14"]
[SourceVersion "1"]
[SourceVersionDate "2024.10.14"]
[SourceQuality "1"]

1. e4 c5 2. Nf3 d6 3. d4 cxd4 4. Nxd4 Nf6 5. Nc3 Nc6 6. Bc4 Qb6 7. Nde2 e6 8. Bb3 Be7 9. Be3 Qc7 10. h3 Bd7 11. f4 Na5 12. 0-0 Bc6 13. f5 Nxb3 14. axb3 Nxe4 15. fxe6 fxe6 16. Nxe4 Bxe4 17. Nc3 Bc6 18. Qg4 Bf6 19. Qxe6+ Qe7 20. Qxe7+ Kxe7 21. Bg5 Bxg5 22. Rae1+ Kd8 23. Rf7 Bf6 24. Rd1 Ke8 25. Rc7 Rf8 26. Nd5 Rf7 27. Re1+ Kf8 28. Rxf7+ Kxf7 29. Nf4 Bxb2 30. Rd1 Be5 31. Nd3 Re8 32. c4 Bd4+ 33. Kh1 Re2 34. Nf4 Re4 35. Rf1 Bf6 36. Nh5 Re2 37. Nf4 Rb2 38. Rd1 Rxb3 39. Nd3 Rc3 40. Nf2 Rxc4 41. Rxd6 Rc2 42. Ng4 Bxg2+ 43. Kg1 Bc6 44. Nxf6 gxf6 45. Rd4 a5 46. Rh4 a4 47. Rxh7+ Kg6 48. Rh8 a3 49. h4 a2 50. h5+ Kg7 51. Ra8 Rc1+ 52. Kf2 a1Q 53. h6+ Kxh6 54. Rh8+ Kg7 55. Rh4 Rc2+ 56. Ke3 Qc3+ 57. Kf4 Qf3# 0-1

[Event "Titled Tuesday intern op 23rd Jul Early"]
[Site "Chess.com INT"]
[Date "2024.07.23"]
[Round "2"]
[White "Sisman, Gizem"]
[Black "Tao, Sihan"]
[Result "0-1"]
[WhiteElo "1827"]
[BlackElo "2194"]
[PlyCount "64"]
[EventDate "2024.07.23"]
[EventType "swiss (blitz)"]
[EventRounds "11"]
[EventCountry "USA"]
[SourceTitle "EXT 2025"]
[Source "ChessBase"]
[SourceDate "2024.10.14"]
[SourceVersion "1"]
[SourceVersionDate "2024.10.14"]
[SourceQuality "1"]

1. e4 c5 2. Nc3 Nc6 3. Bb5 Nd4 4. Bc4 Nf6 5. Nge2 e6 6. 0-0 a6 7. a4 d5 8. exd5 exd5 9. Ba2 Bd6 10. Nxd4 cxd4 11. Ne2 Qb6 12. d3 0-0 13. Bf4 Bxf4 14. Nxf4 Qxb2 15. Nxd5 Nxd5 16. Bxd5 Qc3 17. Rb1 Rb8 18. Rb3 Qc5 19. Qf3 Bd7 20. Rfb1 b6 21. Qf4 Qxd5 22. Rb4 Be6 23. Rxd4 Qc5 24. c4 Rbd8 25. Rxd8 Rxd8 26. Qf3 g6 27. h3 Bf5 28. Rd1 Qa3 29. a5 Qxa5 30. g4 Be6 31. d4 Bxc4 32. d5 Rxd5 0-1

[Event "Titled Tuesday intern op 23rd Jul Early"]
[Site "Chess.com INT"]
[Date "2024.07.23"]
[Round "8"]
[White "Tao, Sihan"]
[Black "Hajiyev, Kanan"]
[Result "0-1"]
[WhiteElo "2194"]
[BlackElo "2109"]
[PlyCount "124"]
[EventDate "2024.07.23"]
[EventType "swiss (blitz)"]
[EventRounds "11"]
[EventCountry "USA"]
[SourceTitle "EXT 2025"]
[Source "ChessBase"]
[SourceDate "2024.10.14"]
[SourceVersion "1"]
[SourceVersionDate "2024.10.14"]
[SourceQuality "1"]

1. e4 a6 2. a3 c6 3. d4 d5 4. Nc3 h6 5. h3 Nf6 6. e5 Ne4 7. Bd3 Nxc3 8. bxc3 c5 9. f4 e6 10. Nf3 Nc6 11. 0-0 Qb6 12. Be3 Bd7 13. Qb1 Qc7 14. dxc5 Na5 15. Qb6 Rc8 16. Rab1 Bxc5 17. Bxc5 Qxc5+ 18. Qxc5 Rxc5 19. Nd4 Rxc3 20. Nb3 Nxb3 21. Rxb3 Rxb3 22. cxb3 Ke7 23. Rc1 Rc8 24. Rxc8 Bxc8 25. Kf2 Kd7 26. Ke3 Kc6 27. Kd4 Bd7 28. h4 Kb6 29. g3 Bb5 30. Bc2 Be2 31. Bh7 Bd1 32. Bg8 Bh5 33. Bh7 Bg6 34. Bxg6 fxg6 35. g4 Kc6 36. h5 gxh5 37. gxh5 a5 38. a4 b6 39. Ke3 Kc5 40. Kd3 b5 41. axb5 Kxb5 42. Kd4 Kc6 43. Kc3 Kc5 44. Kd3 Kb6 45. Kd4 Kc6 46. Kd3 Kd7 47. Kd4 Ke7 48. Kc5 g6 49. hxg6 h5 50. Kd4 h4 51. Ke3 h3 52. Kf2 d4 53. Kg3 d3 54. g7 Kf7 55. Kxh3 d2 56. g8R Kxg8 57. Kg4 d1Q+ 58. Kg5 Qd3 59. Kf6 Qf5+ 60. Ke7 Kg7 61. Kd6 Kf7 62. Kd7 Qxf4 0-1

[Event "Titled Tuesday intern op 23rd Jul Late"]
[Site "Chess.com INT"]
[Date "2024.07.23"]
[Round "4"]
[White "Tao, Sihan"]
[Black "Montero Martinez, Cristian"]
[Result "0-1"]
[WhiteElo "2194"]
[BlackElo "2004"]
[PlyCount "128"]
[EventDate "2024.07.23"]
[EventType "swiss (blitz)"]
[EventRounds "11"]
[EventCountry "USA"]
[SourceTitle "EXT 2025"]
[Source "ChessBase"]
[SourceDate "2024.10.14"]
[SourceVersion "1"]
[SourceVersionDate "2024.10.14"]
[SourceQuality "1"]

1. e4 d6 2. d4 Nf6 3. f3 e5 4. dxe5 dxe5 5. Qxd8+ Kxd8 6. Bc4 Ke8 7. Be3 Bd6 8. Nd2 Ke7 9. 0-0-0 Be6 10. Bxe6 Kxe6 11. Ne2 c6 12. Bg5 Nbd7 13. Bxf6 Nxf6 14. Nc4 Bc7 15. Rd3 Rad8 16. Rhd1 Rxd3 17. Rxd3 b5 18. Ne3 g6 19. h3 Bb6 20. Nf1 h5 21. c4 a6 22. Nd2 Nd7 23. cxb5 axb5 24. Rc3 Rc8 25. Nb3 c5 26. Ng3 c4 27. Nd2 h4 28. Ngf1 Nc5 29. Kd1 Nd3 30. b3 Nf2+ 31. Ke2 Bd4 32. Rc2 c3 33. Nb1 b4 34. a3 Rb8 35. axb4 Rxb4 36. Nxc3 Rxb3 37. Nd5 f5 38. Nd2 Ra3 39. Rc7 fxe4 40. fxe4 Ra2 41. Rc6+ Kd7 42. Rc1 Nxe4 43. Rd1 Kd6 44. Nb4 Rb2 45. Nd3 Nc3+ 46. Kf3 Nxd1 47. Nxb2 Nxb2 48. Kg4 Ke6 49. Kxh4 Kf5 50. Kg3 e4 51. Nxe4 Kxe4 52. Kg4 Bf6 53. h4 Nd3 54. h5 Ne5+ 55. Kh3 gxh5 56. Kg3 Kf5 57. Kh3 Kg5 58. Kg3 Ng4 59. Kf3 h4 60. Ke4 Bd8 61. Kf3 Bc7 62. Ke4 Nh2 63. Ke3 Kg4 64. Ke2 Kg3 0-1

[Event "Pan American-ch U16 34th"]
[Site "Orlando"]
[Date "2024.07.19"]
[Round "7"]
[White "Tao, Sihan"]
[Black "Liu, Eric"]
[Result "1/2-1/2"]
[WhiteElo "2194"]
[BlackElo "2344"]
[PlyCount "60"]
[EventDate "2024.07.15"]
[EventType "swiss"]
[EventRounds "9"]
[EventCountry "USA"]
[SourceTitle "EXT 2025"]
[Source "ChessBase"]
[SourceDate "2024.10.14"]
[SourceVersion "1"]
[SourceVersionDate "2024.10.14"]
[SourceQuality "1"]
[WhiteTeam "USA"]
[BlackTeam "USA"]

1. e4 e5 2. Nf3 Nc6 3. Nc3 Nf6 4. d4 exd4 5. Nxd4 Bb4 6. Nxc6 bxc6 7. Bd3 0-0 8. 0-0 Re8 9. Qf3 h6 10. h3 d6 11. a3 Bxc3 12. bxc3 Rb8 13. Re1 c5 14. Qg3 c4 15. Bxc4 Nxe4 16. Qf3 d5 17. Bb3 Rb6 18. Be3 c5 19. Qh5 Rd6 20. Rad1 c4 21. Ba4 Bd7 22. Bxd7 Qxd7 23. Bd4 Rde6 24. Re3 Qb7 25. Rde1 Ng5 26. Rxe6 Rxe6 27. Rf1 Ne4 28. Qf5 Nd6 29. Qg4 Rg6 30. Qf4 Nb5 1/2-1/2

[Event "Titled Tuesday intern op 02nd Jul Late"]
[Site "Chess.com INT"]
[Date "2024.07.02"]
[Round "4"]
[White "Tao, Sihan"]
[Black "Manzone, Alessandro Jr"]
[Result "0-1"]
[WhiteElo "2194"]
[BlackElo "2395"]
[PlyCount "74"]
[EventDate "2024.07.02"]
[EventType "swiss (blitz)"]
[EventRounds "11"]
[EventCountry "USA"]
[SourceTitle "EXT 2025"]
[Source "ChessBase"]
[SourceDate "2024.10.14"]
[SourceVersion "1"]
[SourceVersionDate "2024.10.14"]
[SourceQuality "1"]

1. e4 c5 2. Nf3 e6 3. d4 cxd4 4. Nxd4 Nc6 5. Nc3 Qc7 6. Be3 a6 7. a3 b5 8. Nxc6 Qxc6 9. Qd2 Bb7 10. f3 Nf6 11. e5 Nd5 12. Nxd5 Qxd5 13. Qxd5 Bxd5 14. 0-0-0 Rc8 15. Bd3 Be7 16. Rhe1 f6 17. Bd4 Kf7 18. Re3 Bc5 19. Bxc5 Rxc5 20. g3 Rhc8 21. f4 h5 22. Re2 Bf3 23. Red2 Bxd1 24. Kxd1 fxe5 25. Be2 Ke7 26. Bxh5 exf4 27. Bf3 fxg3 28. hxg3 Rf8 29. Ke2 Re5+ 30. Kf2 Ref5 31. Rd3 Rd5 32. Rxd5 exd5 33. Ke3 Kd6 34. c3 Ke5 35. Be2 Rh8 36. a4 bxa4 37. Bxa6 Rb8 0-1

[Event "Las Vegas 1000 GM June IM-D"]
[Site "Las Vegas"]
[Date "2024.06.14"]
[Round "9"]
[White "Iinuma, Paul Y"]
[Black "Tao, Sihan"]
[Result "1/2-1/2"]
[WhiteElo "2170"]
[BlackElo "2147"]
[PlyCount "89"]
[EventDate "2024.06.10"]
[EventType "tourn"]
[EventRounds "9"]
[EventCountry "USA"]
[SourceTitle "CBM 220 Extra"]
[Source "ChessBase"]
[SourceDate "2024.07.31"]
[SourceVersion "1"]
[SourceVersionDate "2024.07.31"]
[SourceQuality "1"]

1. e4 c5 2. Nf3 d6 3. d4 cxd4 4. Nxd4 Nf6 5. Nc3 Nc6 6. Bg5 e6 7. Qd2 a6 8. 0-0-0 Bd7 9. f3 Nxd4 10. Qxd4 Be7 11. h4 Qc7 12. Qd2 b5 13. Kb1 b4 14. Ne2 a5 15. c4 bxc3 16. Nxc3 Qb7 17. Ka1 Rb8 18. Bd3 h6 19. Bf4 h5 20. Bb1 e5 21. Bg5 Be6 22. g3 0-0 23. Rh2 Rfc8 24. Nd5 Bxd5 25. exd5 Rc5 26. Be4 a4 27. Be3 Rc4 28. Qd3 Rb4 29. Rdd2 a3 30. b3 Bd8 31. Rc2 Bb6 32. Rhd2 Bd4+ 33. Kb1 Nd7 34. Bxd4 Rxd4 35. Qe3 Rxd2 36. Qxd2 Qb6 37. Rc6 Qg1+ 38. Qc1 Qd4 39. Rc4 Qf2 40. Qxa3 Nc5 41. Qa7 Rf8 42. Rc2 Qd4 43. Rc4 Qf2 44. Rc2 Qd4 45. Rc4 1/2-1/2

[Event "Las Vegas 1000 GM June IM-D"]
[Site "Las Vegas"]
[Date "2024.06.12"]
[Round "5"]
[White "Plat, Vojtech"]
[Black "Tao, Sihan"]
[Result "1/2-1/2"]
[WhiteElo "2488"]
[BlackElo "2147"]
[PlyCount "129"]
[EventDate "2024.06.10"]
[EventType "tourn"]
[EventRounds "9"]
[EventCountry "USA"]
[SourceTitle "CBM 220 Extra"]
[Source "ChessBase"]
[SourceDate "2024.07.31"]
[SourceVersion "1"]
[SourceVersionDate "2024.07.31"]
[SourceQuality "1"]

1. e4 c5 2. Nf3 d6 3. Nc3 Nc6 4. d4 cxd4 5. Nxd4 Nf6 6. Be2 g6 7. Be3 Bg7 8. 0-0 0-0 9. h3 Bd7 10. Re1 a6 11. Bf1 Nxd4 12. Bxd4 Bc6 13. Nd5 e6 14. Nxf6+ Bxf6 15. c4 a5 16. b3 Bxd4 17. Qxd4 e5 18. Qd2 Qe7 19. Rad1 Rfd8 20. Re3 h5 21. f3 Qg5 22. Rd3 Qxd2 23. R3xd2 Kf8 24. c5 h4 25. cxd6 Rd7 26. g3 hxg3 27. Kg2 f5 28. Kxg3 f4+ 29. Kh2 Kf7 30. a3 Rad8 31. b4 axb4 32. axb4 Ba4 33. Ra1 Bb3 34. Ra3 Be6 35. Ra7 Kf6 36. Kg1 Rxd6 37. Rxd6 Rxd6 38. Rxb7 Rd1 39. Kf2 Rd2+ 40. Ke1 Rb2 41. Rb6 Rb1+ 42. Kf2 Rb2+ 43. Be2 Ke7 44. Ke1 Bxh3 45. b5 g5 46. Rh6 g4 47. fxg4 Bg2 48. Bc4 Rb4 49. Bd5 Bxe4 50. Re6+ Kf8 51. Rxe5 Rxb5 52. Rxe4 Rxd5 53. Kf2 Rd3 54. Rxf4+ Kg7 55. Rf3 Rxf3+ 56. Kxf3 Kg6 57. Kf4 Kf6 58. g5+ Kg6 59. Kg4 Kg7 60. Kf5 Kf7 61. g6+ Kg7 62. Kg5 Kg8 63. Kf6 Kf8 64. g7+ Kg8 65. Kg6 1/2-1/2

[Event "Las Vegas National op"]
[Site "Las Vegas"]
[Date "2024.06.07"]
[Round "2"]
[White "Tao, Sihan"]
[Black "Haldorsen, Benjamin"]
[Result "0-1"]
[WhiteElo "2147"]
[BlackElo "2447"]
[PlyCount "96"]
[EventDate "2024.06.03"]
[EventType "swiss"]
[EventRounds "9"]
[EventCountry "USA"]
[SourceTitle "CBM 220 Extra"]
[Source "ChessBase"]
[SourceDate "2024.07.31"]
[SourceVersion "1"]
[SourceVersionDate "2024.07.31"]
[SourceQuality "1"]

1. e4 c5 2. Nf3 d6 3. d4 cxd4 4. Nxd4 Nf6 5. Nc3 Nc6 6. Bg5 e6 7. Qd2 a6 8. 0-0-0 Be7 9. Kb1 Nxd4 10. Qxd4 h6 11. Be3 Qc7 12. f3 b5 13. Qd2 Bb7 14. Rg1 Nd7 15. Ne2 Rc8 16. Nd4 d5 17. exd5 Bxd5 18. Bf4 Qa7 19. Be3 Bc5 20. c3 0-0 21. Bd3 Ne5 22. Rge1 Nxd3 23. Qxd3 Rfd8 24. Nb3 Bxb3 25. Qxd8+ Rxd8 26. Rxd8+ Kh7 27. Bxc5 Qc7 28. Rd2 Bd5 29. Bd4 Qxh2 30. Be3 Qe5 31. Bf2 Qf4 32. Rc2 Bc4 33. Ka1 Bd3 34. Be3 Qg3 35. Rf2 a5 36. Rd1 Bg6 37. b3 Qc7 38. Kb2 a4 39. Rc1 Qe5 40. Bd4 Qd6 41. Rd2 Qc6 42. Be3 e5 43. Rcd1 a3+ 44. Kxa3 Qxc3 45. Re2 f6 46. Rc1 b4+ 47. Ka4 Be8+ 48. Ka5 Qd3 0-1